LAS FUERZAS ARMADAS EN LA POLITICA HISPANOAMERICANA /

Gardado en:
Detalles Bibliográficos
Autor Principal: Lozada, Salvador María (autor)
Formato: Libro
Series:ESQUEMAS ; 84
Temas:
Etiquetas: Engadir etiqueta
Sen Etiquetas, Sexa o primeiro en etiquetar este rexistro!

MARC

LEADER 00000nam^a2200000^a^4500
001 000233925
005 20250521000000.0
009 20260310104703.956
035 |a 054086 
037 |a Acervo Xavier Clavigero 
082 |a 322. 5 LOZ 
100 |a Lozada, Salvador María  |e (autor) 
245 1 4 |a LAS FUERZAS ARMADAS EN LA POLITICA HISPANOAMERICANA /  |c SALVADOR MARIA LOZADA 
264 |a BUENOS AIRES :  |b COLUMBA,  |c 1967 
300 |a 95 p. 
336 |a texto  |b txt  |2 rdacontenido 
337 |a sin mediación  |b n  |2 rdamedio 
338 |a volumen  |b nc  |2 rdasoporte 
440 |a ESQUEMAS ;  |v 84 
649 |a XX 
650 |a Fuerzas Armadas 
650 |a Fuerzas Armadas -  |z Iberoamérica 
910 |a Fondo General 
920 |a Impresos - Libros 
930 |a Colección General 
905 |a 101 
901 |a 054086  |b IT1  |c ACC  |i 054086  |u 20250521 
902 |a https://opac.biblio.iteso.mx/vufind/Record/000233925